01662nam a22002657a 4500003000400000008004100004020001800045082001400063100003800077245007800115250001300193260002900206300001100235650000800246700001600254942001200270999001700282952017400299952017300473952015000646952015000796952015000946952015001096952015001246OSt240507b |||||||| |||| 00| 0 eng d a9789354643026 a658.4 RAI aRAINER, R. Kelly and PRINCE, Brad aIntroduction to Information Systems: Supporting and Transforming Business a9th. ed. aNew Delhi,bWiley,c2022 a578 p. aMBA aLAL, Prerna 2ddccBK c12651d12651 00102ddc40708MBAaPIETbPIETd2024-04-06eZaffa Books and DistributorsfIn Rupeesg909.00kZBD0007l0o658.4 RAIp37182r2024-05-07 00:00:00v659.03w2024-04-06yREF 00102ddc40708MBAaPIETbPIETd2024-04-06eZaffa Books and DistributorsfIn Rupeesg909.00kZBD0007l0o658.4 RAIp37183r2024-05-07 00:00:00v659.03w2024-04-06yBK 00102ddc40708MCAaPIETbPIETd2025-04-16eZaffa BooksfINRg969.00kZBD0052l0o658.4 RAIp39494r2025-04-23 00:00:00v702.52w2025-04-16yBK 00102ddc40708MCAaPIETbPIETd2025-04-16eZaffa BooksfINRg969.00kZBD0052l0o658.4 RAIp39495r2025-04-23 00:00:00v702.52w2025-04-16yBK 00102ddc40708MCAaPIETbPIETd2025-04-16eZaffa BooksfINRg969.00kZBD0052l0o658.4 RAIp39496r2025-04-23 00:00:00v702.52w2025-04-16yBK 00102ddc40708MCAaPIETbPIETd2025-04-16eZaffa BooksfINRg969.00kZBD0052l0o658.4 RAIp39497r2025-04-23 00:00:00v702.52w2025-04-16yBK 00102ddc40708MCAaPIETbPIETd2025-04-16eZaffa BooksfINRg969.00kZBD0052l0o658.4 RAIp39498r2025-04-23 00:00:00v702.52w2025-04-16yBK